Pokémon - Psychic Type Moves - Sudden Death - Statistics

General Stats
  • This quiz has been taken 70 times
  • The average score is 12 of 24
Answers on the Grid
Answers color-coded by a green-red scale on the quiz's grid according to % correct below.
Aurora Beam
Amnesia
Mimic
Mirror Coat
Rest
Protect
Reflect
Trick
Sing
Skill Swap
Role Play
Tail Glow
Doom Desire
Imprison
Mist Ball
Cosmic Power
Gravity
Meteor Mash
Heal Block
Teleport
Draining Kiss
Confusion
Expanding Force
Psystrike
Night Shade
Minimize
Luster Purge
Wonder Room
Confuse Ray
Swift
Dream Eater
Healing Wish
Trick Room
Thrash
Calm Mind
Supersonic
Wish
Guard Split
Heal Pulse
Reversal
 
Answer Stats
Answer % Correct
Psychic Amnesia
76%
Psychic Psystrike
68%
Psychic Mirror Coat
66%
Rest Rest
66%
Psychic Reflect
63%
Psychic Confusion
61%
Psychic Teleport
61%
Psychic Skill Swap
59%
Psychic Trick
59%
Psychic Calm Mind
56%
Psychic Dream Eater
49%
Psychic Expanding Force
49%
Psychic Trick Room
49%
Psychic Wonder Room
49%
Psychic Cosmic Power
46%
Psychic Heal Block
46%
Psychic Imprison
46%
Psychic Gravity
44%
Psychic Heal Pulse
44%
Psychic Guard Split
39%
Psychic Luster Purge
39%
Psychic Healing Wish
37%
Psychic Mist Ball
32%
Psychic Role Play
32%
No matching quizzes found
Score Distribution
Percent of People with Each Score
Percentile by Number Answered
Your Score History
You have not taken this quiz